Catálogo

Managing sustainability in the hospitality and tourism industry : (Registro nro. 68645)

Detalles MARC
000 -LEADER
fixed length control field 01298nam a2200325 i 4500
001 - CONTROL NUMBER
control field 68645
003 - CONTROL NUMBER IDENTIFIER
control field Mx-PuUPA
005 - DATE AND TIME OF LATEST TRANSACTION
control field 20220302075457.0
008 - FIXED-LENGTH DATA ELEMENTS--GENERAL INFORMATION
fixed length control field 200323s2014 -cna|||gr|||| 001 0 spa d
020 ## - INTERNATIONAL STANDARD BOOK NUMBER
International Standard Book Number 9781926895727
040 ## - CATALOGING SOURCE
Original cataloging agency Mx-PuUPA
Language of cataloging spa
Transcribing agency Mx-PuUPA
Modifying agency Mx-PuUPA
Description conventions rda
041 0# - LANGUAGE CODE
Language code of text/sound track or separate title eng
245 10 - TITLE STATEMENT
Title Managing sustainability in the hospitality and tourism industry :
Remainder of title paradigms and directions for the future /
Statement of responsibility, etc. edited by Vinnie Jauhari ; contributors, Rumki Brandyopadhyay, Dirti Dutta, [y otros veintiuno]
264 #1 - PRODUCTION, PUBLICATION, DISTRIBUTION, MANUFACTURE, AND COPYRIGHT NOTICE
Place of production, publication, distribution, manufacture Canada :
Name of producer, publisher, distributor, manufacturer Apple Academic Press,
Date of production, publication, distribution, manufacture, or copyright notice ©2014
300 ## - PHYSICAL DESCRIPTION
Extent xxx, 492 páginas :
Other physical details ilustraciones ;
Dimensions 24 cm
336 ## - CONTENT TYPE
Content type term texto
Fuente rdacontent
Content type code txt
337 ## - MEDIA TYPE
Media type term sin medio
Source rdamedia
Media type code n
338 ## - CARRIER TYPE
Carrier type term volumen
Source rdacarrier
Carrier type code nc
490 0# - SERIES STATEMENT
Series statement Advances in hospitality and tourism
650 #4 - SUBJECT ADDED ENTRY--TOPICAL TERM
Topical term or geographic name entry element Administración hotelera
650 #4 - SUBJECT ADDED ENTRY--TOPICAL TERM
Topical term or geographic name entry element Turismo
General subdivision Administración
650 #4 - SUBJECT ADDED ENTRY--TOPICAL TERM
Topical term or geographic name entry element Desarrollo sostenible
General subdivision Administración
700 1# - ADDED ENTRY--PERSONAL NAME
Personal name Jauhari, Vinnie,
Relator term editor
9 (RLIN) 10499
700 1# - ADDED ENTRY--PERSONAL NAME
Personal name Brandyopadhyay, Rumki,
Relator term colaborador
700 1# - ADDED ENTRY--PERSONAL NAME
Personal name Dutta, Dirti,
Relator term colaborador
942 ## - ADDED ENTRY ELEMENTS (KOHA)
Source of classification or shelving scheme Dewey Decimal Classification
Koha item type Libro
Classification part 338.4791
Item part M2661
Existencias
Withdrawn status Lost status Source of classification or shelving scheme Damaged status Not for loan Collection code Home library Current library Shelving location Date acquired Source of acquisition Cost, normal purchase price Total Checkouts Full call number Barcode Date last seen Cost, replacement price Price effective from Koha item type
    Dewey Decimal Classification     General Biblioteca Karol Wojtyla Biblioteca Karol Wojtyla Sala general 21/08/2021 11 2476.70   338.4791 M2661 2014 100942 05/01/2026 2476.70 21/08/2021 Reserva permanente